000 00822nam a22002295i 4500
001 159677
003 ES-MaACL
005 20230906211728.0
008 041004s1849 fr a |||| | fre d
040 _aCAM
_bspa
_cCAM
245 0 4 _aLes mille et une nuits
_b: contes arabes.
260 _aParis :
_bGustave Havard,
_c[s.a] (
_fImprimerie Schneider)
300 _a300 p. :
_bil. ;
_c30 cm.
490 1 _aRomans contes et nouvelles illustrés
596 _aGustave Havard y la Imprimerie Schneider ejercen ca. 1849.
597 _aTexto a dos col.
597 _aLas ils. hacen referencia al texto.
700 1 1 _aHavard, Gustave,
_eed. lit.
_9127815
830 0 _aRomans contes et nouvelles illustrés
_9188019
852 _aES-MaACL
_jG-1646
_z-- Enc. hol.
_q-- Falto de la cub. original
999 _c159677
_d159677